Natural history and conservation of the redfish and other commercial sciænids on the Texas coast. (Record no. 23291)

MARC details
000 -LEADER
fixed length control field 00888cam a22002531 4500
001 - CONTROL NUMBER
control field f 29000008
003 - CONTROL NUMBER IDENTIFIER
control field DLC
005 - DATE AND TIME OF LATEST TRANSACTION
control field 20260227111249.0
008 - FIXED-LENGTH DATA ELEMENTS--GENERAL INFORMATION
fixed length control field 761120s1929 dcu 000 0 eng
010 ## - LIBRARY OF CONGRESS CONTROL NUMBER
LC control number f 29000008
035 ## - SYSTEM CONTROL NUMBER
System control number (OCoLC)2571082
040 ## - CATALOGING SOURCE
Original cataloging agency DLC
Transcribing agency Tx
Modifying agency OCoLC
-- DLC
042 ## - AUTHENTICATION CODE
Authentication code premarc
050 00 - LIBRARY OF CONGRESS CALL NUMBER
Classification number SH222.T4
Item number P4
100 1# - MAIN ENTRY--PERSONAL NAME
Personal name Pearson, John C.
Fuller form of name (John Cleary),
Dates associated with a name 1902-
245 10 - TITLE STATEMENT
Title Natural history and conservation of the redfish and other commercial sciænids on the Texas coast.
Statement of responsibility, etc. By John C. Pearson...
260 ## - PUBLICATION, DISTRIBUTION, ETC.
Place of publication, distribution, etc. Washington,
Name of publisher, distributor, etc. U.S. Govt. print. off.,
Date of publication, distribution, etc. 1929.
300 ## - PHYSICAL DESCRIPTION
Extent 1 p. l., p. 129-214
Other physical details incl. illus., tables, diagrs.
Dimensions 28 cm.
490 0# - SERIES STATEMENT
Series statement [U. S.] Bureau of fisheries. Doc.
Volume/sequential designation no. 1046
500 ## - GENERAL NOTE
General note From Bulletin of the Bureau of fisheries, vol. xliv, 1928.
504 ## - BIBLIOGRAPHY, ETC. NOTE
Bibliography, etc. note Bibliography: p. 214.
650 #0 - SUBJECT ADDED ENTRY--TOPICAL TERM
Topical term or geographic name entry element Sciaenidae.
650 #0 - SUBJECT ADDED ENTRY--TOPICAL TERM
Topical term or geographic name entry element Fishes
Geographic subdivision Texas.

No items available.

Powered by Koha